00459nam a2200169Ia 4500003000400000005001700004008004000021040000700061041000800068082001200076100001500088245009700103260005500200440000600255650001100261700001700272OSt20230119105811.0210210b1810 xxu||||| |||| 00| 0 eng d cAL aeng a954/499 aMark Wilks aHistorical Sketches of the South of India in an attempt to trace the History of Mysoor Vol I aCalicuttbSuperintendent Government Printingc1810 a1 aMysore aWILKS (Mark)